[Event "Israeli Open Championship 2019"]
[Site "Jerusalem"]
[Date "2019.12.16"]
[Round "4.3"]
[White "Soffer, Ram"]
[Black "Mikhalevski, Victor"]
[Result "0-1"]
[WhiteElo "2490"]
[BlackElo "2559"]
[Annotator "ChessBase"]
[PlyCount "82"]
[EventDate "2019.12.12"]
[EventType "swiss"]
[EventCountry "ISR"]
[SourceTitle "playchess.com"]
[Source "ChessBase"]
[SourceQuality "1"]
[TimeControl "5400+30"]

1. d4 {[%emt 0:18:20]} Nf6 {[%emt 0:00:00]} 2. Nf3 {[%emt 0:00:07]} g6 {[%emt 0:00:00]} 3. c4 {[%emt 0:00:05]} Bg7 {[%emt 0:00:02]} 4. Nc3 {[%emt 0:00:05]} d5 {[%emt 0:00:13]} 5. Qb3 {[%emt 0:00:04]} dxc4 {[%emt 0:00:25]} 6. Qxc4 {[%emt 0:00:04]} O-O {[%emt 0:00:19]} 7. e4 {[%emt 0:00:03]} c6 {[%emt 0:01:58]} 8. Be2 {[%emt 0:02:51]} b5 {[%emt 0:00:56]} 9. Qd3 {[%emt 0:04:34]} Qa5 {[%emt 0:03:22]} 10. Nd2 {[%emt 0:15:51]} Be6 {[%emt 0:11:55]} 11. a3 {[%emt 0:04:12]} Rd8 {[%emt 0:04:40]} 12. O-O {[%emt 0:05:53]} Nbd7 {[%emt 0:06:43]} 13. Qb1 {[%emt 0:03:00]} Nb6 {[%emt 0:21:52]} 14. Nf3 {[%emt 0:05:46]} Nc4 {[%emt 0:14:58]} 15. Rd1 {[%emt 0:03:19]} Bg4 {[%emt 0:02:42]} 16. Qc2 {[%emt 0:08:43]} Bxf3 {[%emt 0:02:09]} 17. Bxf3 {[%emt 0:00:06]} e5 {[%emt 0:00:07]} 18. b4 {[%emt 0:07:59]} Qc7 {[%emt 0:02:39]} 19. dxe5 {[%emt 0:02:55]} Qxe5 {[%emt 0:04:23]} 20. Rb1 {[%emt 0:01:03]} h5 {[%emt 0:05:17]} 21. g3 {[%emt 0:01:10]} Ng4 {[%emt 0:01:50]} 22. Ne2 {[%emt 0:06:20]} Qf6 {[%emt 0:00:09]} 23. Bxg4 {[%emt 0:00:47]} Rxd1+ {[%emt 0:02:46]} 24. Qxd1 {[%emt 0:00:02]} hxg4 {[%emt 0:00:07]} 25. Rb3 {[%emt 0:01:52]} Re8 {[%emt 0:01:34]} 26. Nf4 {[%emt 0:04:22]} Rxe4 {[%emt 0:00:46]} 27. Be3 {[%emt 0:01:12]} Qe7 {[%emt 0:08:37]} 28. Qxg4 {[%emt 0:01:13]} Nxe3 {[%emt 0:00:08]} 29. Qc8+ {[%emt 0:00:23]} Kh7 {[%emt 0:00:16]} 30. fxe3 {[%emt 0:00:51]} Rxe3 {[%emt 0:00:12]} 31. Rxe3 {[%emt 0:00:53]} Qxe3+ {[%emt 0:00:02]} 32. Kg2 {[%emt 0:00:09]} Qxa3 {[%emt 0:00:13]} 33. Qxc6 {[%emt 0:00:34]} Qxb4 {[%emt 0:00:09]} 34. Qb7 {[%emt 0:01:09]} Qc4 {[%emt 0:01:09]} 35. Nd5 {[%emt 0:00:16]} Qe4+ {[%emt 0:00:23]} 36. Kh3 {[%emt 0:00:03]} Qe6+ {[%emt 0:01:26]} 37. Kg2 {[%emt 0:00:08]} Qe2+ {[%emt 0:00:24]} 38. Kh3 {[%emt 0:00:05]} Qf1+ {[%emt 0:00:05]} 39. Kh4 {[%emt 0:00:13]} Qf5 {[%emt 0:00:28]} 40. g4 {[%emt 0:00:32]} Qf2+ {[%emt 0:00:21]} 41. Kh3 {[%emt 0:00:11]} Be5 {[%emt 0:00:14]} 0-1

[Event "Israeli Open Championship 2019"]
[Site "Jerusalem"]
[Date "2019.12.16"]
[Round "4.4"]
[White "Gorodetzky, David"]
[Black "Birnboim, Nathan"]
[Result "1-0"]
[WhiteElo "2483"]
[BlackElo "2393"]
[Annotator "ChessBase"]
[PlyCount "88"]
[EventDate "2019.12.12"]
[EventType "swiss"]
[EventCountry "ISR"]
[SourceTitle "playchess.com"]
[Source "ChessBase"]
[SourceQuality "1"]
[TimeControl "5400+30"]

1. e4 {[%emt 0:00:00]} e5 {[%emt 0:00:00]} 2. Nf3 {[%emt 0:00:00]} Nc6 {[%emt 0:00:00]} 3. Nc3 {[%emt 0:10:36]} Nf6 {[%emt 0:00:22]} 4. Be2 {[%emt 0:02:55]} d5 {[%emt 0:03:33]} 5. exd5 {[%emt 0:03:15]} Nxd5 {[%emt 0:00:04]} 6. O-O {[%emt 0:04:05]} Nxc3 {[%emt 0:13:02]} 7. bxc3 {[%emt 0:04:41]} Bd6 {[%emt 0:01:01]} 8. d3 {[%emt 0:11:22]} O-O {[%emt 0:00:39]} 9. Nd2 {[%emt 0:05:42]} Be6 {[%emt 0:07:42]} 10. Bf3 {[%emt 0:10:38]} f5 {[%emt 0:05:09]} 11. Rb1 {[%emt 0:08:39]} Rb8 {[%emt 0:02:26]} 12. c4 {[%emt 0:03:19]} e4 {[%emt 0:12:07]} 13. dxe4 {[%emt 0:00:35]} Ne5 {[%emt 0:02:21]} 14. Be2 {[%emt 0:06:58]} f4 {[%emt 0:09:08]} 15. Bb2 {[%emt 0:00:24]} c5 {[%emt 0:11:42]} 16. Nf3 {[%emt 0:05:21]} Nxf3+ {[%emt 0:02:50]} 17. Bxf3 {[%emt 0:00:17]} Bxc4 {[%emt 0:01:10]} 18. Re1 {[%emt 0:01:44]} Bc7 {[%emt 0:04:55]} 19. e5 {[%emt 0:03:39]} Be6 {[%emt 0:05:06]} 20. Qe2 {[%emt 0:02:53]} b5 {[%emt 0:01:57]} 21. Rbd1 {[%emt 0:02:49]} Qe7 {[%emt 0:00:05]} 22. Bd5 {[%emt 0:02:08]} Qf7 {[%emt 0:05:25]} 23. c4 {[%emt 0:05:08]} bxc4 {[%emt 0:00:37]} 24. Bxe6 {[%emt 0:00:03]} Qxe6 {[%emt 0:00:06]} 25. Bc3 {[%emt 0:00:03]} f3 {[%emt 0:00:42]} 26. Qe4 {[%emt 0:02:40]} Kh8 {[%emt 0:03:39]} 27. gxf3 {[%emt 0:01:24]} Qh3 {[%emt 0:00:33]} 28. Qg4 {[%emt 0:00:29]} Qxf3 {[%emt 0:00:14]} 29. Qxf3 {[%emt 0:00:28]} Rxf3 {[%emt 0:00:03]} 30. Rd7 {[%emt 0:00:42]} Bb6 {[%emt 0:01:21]} 31. Re3 {[%emt 0:00:45]} Rxe3 {[%emt 0:00:17]} 32. fxe3 {[%emt 0:00:02]} h5 {[%emt 0:05:21]} 33. e6 {[%emt 0:00:51]} Rg8 {[%emt 0:00:33]} 34. Kf2 {[%emt 0:00:46]} Kh7 {[%emt 0:00:09]} 35. a4 {[%emt 0:01:05]} Re8 {[%emt 0:00:17]} 36. e7 {[%emt 0:00:22]} Kg6 {[%emt 0:00:22]} 37. a5 {[%emt 0:00:07]} Kf7 {[%emt 0:00:19]} 38. axb6 {[%emt 0:00:08]} axb6 {[%emt 0:00:04]} 39. Rb7 {[%emt 0:00:05]} Rxe7 {[%emt 0:00:29]} 40. Rxb6 {[%emt 0:00:05]} Rd7 {[%emt 0:00:36]} 41. Rc6 {[%emt 0:02:08]} Rd5 {[%emt 0:00:14]} 42. Kf3 {[%emt 0:00:50]} g5 {[%emt 0:00:47]} 43. Ke4 {[%emt 0:00:16]} Rd3 {[%emt 0:00:13]} 44. Be5 {[%emt 0:00:03]} Ke8 {[%emt 0:04:20]} 1-0

[Event "Israeli Open Championship 2019"]
[Site "Jerusalem"]
[Date "2019.12.16"]
[Round "4.5"]
[White "Gorodetzky, Matan"]
[Black "Golberg, Igor"]
[Result "1/2-1/2"]
[WhiteElo "2284"]
[BlackElo "2156"]
[Annotator "NA"]
[PlyCount "89"]
[EventDate "2019.12.12"]
[EventType "swiss"]
[EventCountry "ISR"]
[SourceTitle "playchess.com"]
[Source "ChessBase"]
[SourceQuality "1"]
[TimeControl "5400+30"]

1. e4 {[%emt 0:00:00]} c6 {[%emt 0:00:03]} 2. d4 {[%emt 0:00:00]} d5 {[%emt 0:00:06]} 3. exd5 {[%emt 0:00:27]} cxd5 {[%emt 0:00:08]} 4. Bd3 {[%emt 0:00:24]} Nc6 {[%emt 0:00:22]} 5. c3 {[%emt 0:00:22]} Nf6 {[%emt 0:00:07]} 6. Bf4 {[%emt 0:01:22]} Bg4 {[%emt 0:00:09]} 7. Qb3 {[%emt 0:00:52]} Qc8 {[%emt 0:00:26]} 8. Nd2 {[%emt 0:01:41]} e6 {[%emt 0:00:12]} 9. Ngf3 {[%emt 0:04:37]} Be7 {[%emt 0:00:11]} 10. Ne5 {[%emt 0:06:21]} Nxe5 {[%emt 0:02:37]} 11. Bxe5 {[%emt 0:00:40]} a6 {[%emt 0:03:38]} 12. O-O {[%emt 0:04:44]} Bh5 {[%emt 0:02:26]} 13. c4 {[%emt 0:07:07]} O-O {[%emt 0:02:30]} 14. Rac1 {[%emt 0:08:48]} Qd7 {[%emt 0:00:53]} 15. c5 {[%emt 0:00:21]} Rac8 {[%emt 0:05:32]} 16. h3 {[%emt 0:00:59]} Bg6 {[%emt 0:00:10]} 17. Rfe1 {[%emt 0:05:36]} Qc6 $14 {[%emt 0:12:15]} 18. Bxg6 {[%emt 0:01:24]} hxg6 {[%emt 0:00:02]} 19. Qd3 {[%emt 0:00:51]} Nd7 {[%emt 0:01:06]} 20. Bh2 {[%emt 0:05:19]} a5 {[%emt 0:08:49]} 21. a3 {[%emt 0:12:20]} a4 {[%emt 0:01:05]} 22. Rc3 {[%emt 0:00:20]} b6 {[%emt 0:01:04]} 23. cxb6 {[%emt 0:00:56]} Qxb6 {[%emt 0:00:03]} 24. Rec1 {[%emt 0:00:11]} Rxc3 {[%emt 0:00:29]} 25. Qxc3 {[%emt 0:01:08]} Bg5 {[%emt 0:02:17]} 26. Rc2 {[%emt 0:00:35]} Bxd2 {[%emt 0:05:03]} 27. Qxd2 {[%emt 0:01:48]} Qa6 {[%emt 0:00:51]} 28. Qc1 {[%emt 0:02:20]} Nb6 {[%emt 0:01:30]} 29. Rc6 {[%emt 0:14:01]} Qb7 {[%emt 0:04:40]} 30. Rc7 {[%emt 0:00:49]} Rc8 {[%emt 0:00:21]} 31. Rxc8+ {[%emt 0:03:16]} Nxc8 {[%emt 0:00:02]} 32. Qc2 {[%emt 0:02:45]} Nb6 {[%emt 0:12:12]} 33. b3 {[%emt 0:01:52]} axb3 {[%emt 0:00:05]} 34. Qxb3 {[%emt 0:00:04]} Qc6 {[%emt 0:00:06]} 35. Bf4 {[%emt 0:00:51]} Kh7 {[%emt 0:00:53]} 36. h4 {[%emt 0:00:50]} f6 {[%emt 0:03:36]} 37. Kh2 {[%emt 0:02:06]} Nc4 {[%emt 0:00:59]} 38. Qc2 {[%emt 0:05:06]} e5 {[%emt 0:00:53]} 39. dxe5 {[%emt 0:01:27]} fxe5 {[%emt 0:00:02]} 40. Bg5 {[%emt 0:00:11]} e4 {[%emt 0:01:55]} 41. f3 {[%emt 0:01:09]} Qd6+ {[%emt 0:00:28]} 42. Kh1 {[%emt 0:00:43]} Nxa3 {[%emt 0:08:25]} 43. Qe2 {[%emt 0:00:31]} exf3 {[%emt 0:02:04]} 44. Qxf3 {[%emt 0:00:26]} Nc4 {[%emt 0:00:50]} 45. h5 {[%emt 0:00:43]} 1/2-1/2

[Event "Israeli Open Championship 2019"]
[Site "Jerusalem"]
[Date "2019.12.16"]
[Round "4.6"]
[White "Baron, Tal"]
[Black "Slonimskij, Arkadij"]
[Result "1/2-1/2"]
[WhiteElo "2541"]
[BlackElo "2133"]
[Annotator "TA"]
[PlyCount "53"]
[EventDate "2019.12.12"]
[EventType "swiss"]
[EventCountry "ISR"]
[SourceTitle "playchess.com"]
[Source "ChessBase"]
[SourceQuality "1"]

{[%evp 9,53,-8,-10,-7,26,0,0,0,-23,-27,-8,-5,0,0,0,0,0,0,11,0,24,16,23,16,25,22,24,20,19,7,43,38,37,40,47,22,40,-38,0,0,0,-33,0,0,0,-39]} 1. d4 Nf6 2. c4 e6 3. Nc3 Bb4 4. f3 c5 5. d5 b5 6. e4 {E20: Nimzo-Indian: 4 g3 and 4 f3} d6 7. Nge2 (7. Bd2 exd5 8. cxd5 a6 9. a3 Ba5 10. a4 b4 11. Nb1 O-O 12. Bg5 Nbd7 13. Nd2 b3 14. Qxb3 {0-1 (23) Mamedyarov,S (2764)-Rapport,R (2747) Saint Louis 2019}) 7... bxc4 8. Nf4 e5 9. Nfe2 $1 Nbd7 (9... Nh5 {keeps more tension.} 10. Kf2 O-O 11. Kg1 Qf6 12. Ng3 Nf4) 10. Ng3 Bxc3+ 11. bxc3 Nb6 12. Be2 O-O $146 ({Predecessor:} 12... Ng8 13. h4 Ne7 14. Nh5 {½-½ (42) Tutisani,N (2394)-Santos Latasa,J (2549) Batumi 2018}) 13. O-O Ne8 14. Rb1 g6 15. Bh6 Ng7 16. Qd2 f6 17. Rf2 Rb8 18. Qc1 Bd7 19. Qa3 Na4 20. Rxb8 Qxb8 21. Bxc4 Qb1+ 22. Rf1 Qb6 23. Ne2 ({Better is} 23. f4 $14) 23... Nb2 24. Ba6 Na4 25. Bc4 Nb2 26. Ba6 Na4 27. Bc4 {Accuracy: White = 70%, Black = 50%.} 1/2-1/2

[Event "Israeli Open Championship 2019"]
[Site "Jerusalem"]
[Date "2019.12.16"]
[Round "4.7"]
[White "Berenboym, Igor"]
[Black "Iliaguev, Nisim"]
[Result "0-1"]
[WhiteElo "2100"]
[BlackElo "2275"]
[Annotator "NA"]
[PlyCount "102"]
[EventDate "2019.12.12"]
[EventType "swiss"]
[EventCountry "ISR"]
[SourceTitle "playchess.com"]
[Source "ChessBase"]
[SourceQuality "1"]
[TimeControl "5400+30"]

1. e4 {[%emt 0:00:00]} c6 {[%emt 0:00:00]} 2. d4 {[%emt 0:00:08]} d5 {[%emt 0:00:00]} 3. e5 {[%emt 0:02:14]} Bf5 {[%emt 0:00:00]} 4. Ne2 {[%emt 0:00:09]} e6 {[%emt 0:01:24]} 5. Ng3 {[%emt 0:00:24]} Bg6 {[%emt 0:00:21]} 6. h4 {[%emt 0:00:27]} h6 {[%emt 0:00:38]} 7. h5 {[%emt 0:00:29]} Bh7 $1 {[%emt 0:00:06]} 8. Bd3 {[%emt 0:00:05]} Bxd3 {[%emt 0:00:13]} 9. Qxd3 {[%emt 0:00:01]} c5 {[%emt 0:04:05]} 10. c3 {[%emt 0:02:40]} Nc6 {[%emt 0:00:47]} 11. O-O {[%emt 0:00:25]} Qb6 {[%emt 0:09:07]} 12. Be3 {[%emt 0:04:05]} O-O-O {[%emt 0:03:01]} 13. Nd2 {[%emt 0:03:51]} cxd4 {[%emt 0:04:51]} 14. cxd4 {[%emt 0:00:20]} Nge7 {[%emt 0:18:38]} 15. a3 $16 {[%emt 0:01:26]} g6 {[%emt 0:03:32]} 16. b4 {[%emt 0:01:35]} gxh5 {[%emt 0:01:22]} 17. Nxh5 {[%emt 0:00:06]} Nf5 {[%emt 0:00:24]} 18. Ng3 {[%emt 0:03:35]} Nce7 {[%emt 0:12:43]} 19. a4 {[%emt 0:04:08]} Kb8 {[%emt 0:04:01]} 20. a5 {[%emt 0:01:54]} Qc7 {[%emt 0:00:07]} 21. b5 {[%emt 0:00:50]} Rc8 {[%emt 0:03:59]} 22. b6 {[%emt 0:16:01]} Qc3 {[%emt 0:00:14]} 23. bxa7+ {[%emt 0:00:06]} Ka8 {[%emt 0:00:32]} 24. Qb5 {[%emt 0:00:14]} Nxe3 {[%emt 0:07:18]} 25. Rfb1 {[%emt 0:00:10]} Qc6 {[%emt 0:01:42]} 26. fxe3 {[%emt 0:02:40]} Rg8 {[%emt 0:05:17]} 27. Ngf1 {[%emt 0:04:58]} Qxb5 {[%emt 0:02:09]} 28. Rxb5 {[%emt 0:00:01]} Kxa7 {[%emt 0:00:42]} 29. Rab1 {[%emt 0:01:37]} Rc7 {[%emt 0:00:46]} 30. e4 {[%emt 0:12:10]} h5 {[%emt 0:02:52]} 31. Nb3 {[%emt 0:01:32]} dxe4 {[%emt 0:02:33]} 32. Nc5 {[%emt 0:00:13]} Nd5 {[%emt 0:00:20]} 33. Rxb7+ {[%emt 0:15:00]} Rxb7 {[%emt 0:00:01]} 34. Rxb7+ {[%emt 0:23:26]} Ka8 {[%emt 0:00:06]} 35. Rxf7 {[%emt 0:00:00]} Bxc5 {[%emt 0:00:25]} 36. dxc5 {[%emt 0:00:00]} e3 {[%emt 0:00:49]} 37. Nh2 {[%emt 0:00:00]} Rc8 {[%emt 0:04:03]} 38. Nf3 {[%emt 0:00:00]} Rxc5 {[%emt 0:00:28]} 39. Rf8+ {[%emt 0:00:00]} Kb7 {[%emt 0:01:16]} 40. Re8 {[%emt 0:00:00]} Nc7 {[%emt 0:02:17]} 41. Rh8 {[%emt 0:00:00]} Rxa5 {[%emt 0:00:47]} 42. Kf1 {[%emt 0:00:00]} Ra1+ {[%emt 0:01:06]} 43. Ne1 {[%emt 0:00:00]} Nd5 {[%emt 0:01:07]} 44. g3 {[%emt 0:00:00]} Ra2 {[%emt 0:01:40]} 45. Rxh5 {[%emt 0:00:00]} Rf2+ {[%emt 0:00:16]} 46. Kg1 {[%emt 0:00:00]} Nc3 {[%emt 0:00:33]} 47. Ng2 {[%emt 0:00:00]} Ne2+ {[%emt 0:00:05]} 48. Kh2 {[%emt 0:00:00]} Nd4 {[%emt 0:00:13]} 49. Rh7+ {[%emt 0:00:00]} Kc6 {[%emt 0:00:12]} 50. Ra7 {[%emt 0:01:16]} e2 {[%emt 0:00:18]} 51. Ra6+ {[%emt 0:00:57]} Kd5 {[%emt 0:00:43]} 0-1

[Event "Israeli Open Championship 2019"]
[Site "Jerusalem"]
[Date "2019.12.16"]
[Round "4.8"]
[White "Sokolovsky, Yahli"]
[Black "Friedland, Moshe"]
[Result "1-0"]
[WhiteElo "2045"]
[BlackElo "2267"]
[Annotator "NA"]
[PlyCount "63"]
[EventDate "2019.12.12"]
[EventType "swiss"]
[EventCountry "ISR"]
[SourceTitle "playchess.com"]
[Source "ChessBase"]
[SourceQuality "1"]
[TimeControl "5400+30"]

1. e4 {[%emt 0:00:00]} d6 {[%emt 0:00:00]} 2. d4 {[%emt 0:00:00]} Nf6 {[%emt 0:00:00]} 3. Bd3 {[%emt 0:01:53]} e5 {[%emt 0:00:08]} 4. c3 {[%emt 0:01:45]} d5 {[%emt 0:01:26]} 5. dxe5 {[%emt 0:05:18]} Nxe4 {[%emt 0:00:05]} 6. Bxe4 {[%emt 0:03:17]} dxe4 {[%emt 0:00:03]} 7. Qxd8+ {[%emt 0:03:14]} Kxd8 {[%emt 0:00:04]} 8. Nd2 {[%emt 0:15:47]} Bf5 {[%emt 0:27:32]} 9. Ne2 {[%emt 0:06:49]} Bg6 {[%emt 0:02:09]} 10. Nf4 {[%emt 0:05:29]} e3 {[%emt 0:06:05]} 11. Nf3 {[%emt 0:06:12]} exf2+ $14 {[%emt 0:03:00]} 12. Kxf2 {[%emt 0:00:11]} Bc5+ {[%emt 0:00:07]} 13. Be3 {[%emt 0:00:32]} Bxe3+ {[%emt 0:00:16]} 14. Kxe3 {[%emt 0:00:07]} Re8 {[%emt 0:01:22]} 15. Rad1+ {[%emt 0:04:00]} Kc8 {[%emt 0:01:16]} 16. Nxg6 {[%emt 0:02:44]} hxg6 {[%emt 0:00:11]} 17. Rd5 {[%emt 0:04:59]} c6 {[%emt 0:03:28]} 18. Rd4 {[%emt 0:12:40]} Nd7 {[%emt 0:01:04]} 19. Rhd1 {[%emt 0:09:43]} Nf8 {[%emt 0:04:47]} 20. Ng5 {[%emt 0:08:21]} Rxe5+ {[%emt 0:10:11]} 21. Kf3 {[%emt 0:03:52]} Rf5+ {[%emt 0:02:57]} 22. Kg4 {[%emt 0:00:35]} Kc7 {[%emt 0:02:24]} 23. Re4 {[%emt 0:00:19]} Kb6 {[%emt 0:10:16]} 24. Re7 {[%emt 0:00:27]} f6 {[%emt 0:02:58]} 25. Nf7 {[%emt 0:01:03]} Ka6 {[%emt 0:01:11]} 26. Rd4 {[%emt 0:00:46]} b5 {[%emt 0:00:52]} 27. a4 {[%emt 0:00:52]} Ka5 {[%emt 0:05:34]} 28. Nd6 {[%emt 0:01:05]} Re5 {[%emt 0:02:34]} 29. Nb7+ {[%emt 0:00:52]} Kb6 {[%emt 0:02:49]} 30. a5+ {[%emt 0:00:18]} Ka6 {[%emt 0:00:01]} 31. b4 {[%emt 0:02:20]} Ne6 {[%emt 0:01:31]} 32. Rdd7 {[%emt 0:00:00]} 1-0

[Event "Israeli Open Championship 2019"]
[Site "Jerusalem"]
[Date "2019.12.16"]
[Round "4.9"]
[White "Cohen Revivo, Shoham"]
[Black "Har-Even, Abir"]
[Result "1-0"]
[WhiteElo "2261"]
[BlackElo "2104"]
[Annotator "NA"]
[PlyCount "75"]
[EventDate "2019.12.12"]
[EventType "swiss"]
[EventCountry "ISR"]
[SourceTitle "playchess.com"]
[Source "ChessBase"]
[SourceQuality "1"]
[TimeControl "5400+30"]

1. e4 {[%emt 0:00:00]} d6 {[%emt 0:00:00]} 2. d4 {[%emt 0:00:00]} Nf6 {[%emt 0:00:00]} 3. Nc3 {[%emt 0:00:00]} c6 {[%emt 0:00:00]} 4. f4 {[%emt 0:00:00]} Qa5 {[%emt 0:00:01]} 5. Bd3 {[%emt 0:00:00]} e5 {[%emt 0:00:14]} 6. Nf3 {[%emt 0:00:00]} exd4 {[%emt 0:00:15]} 7. Nxd4 {[%emt 0:00:02]} g6 {[%emt 0:00:05]} 8. Nb3 {[%emt 0:01:41]} Qc7 {[%emt 0:00:21]} 9. O-O {[%emt 0:00:09]} Bg7 {[%emt 0:00:12]} 10. Kh1 {[%emt 0:00:20]} O-O {[%emt 0:00:31]} 11. Be3 {[%emt 0:00:17]} Nbd7 {[%emt 0:04:07]} 12. a4 {[%emt 0:00:49]} b6 {[%emt 0:05:23]} 13. a5 {[%emt 0:02:54]} b5 {[%emt 0:02:58]} 14. Qf3 {[%emt 0:02:22]} a6 {[%emt 0:04:09]} 15. e5 {[%emt 0:19:47]} dxe5 {[%emt 0:02:44]} 16. f5 {[%emt 0:00:06]} Re8 {[%emt 0:07:13]} 17. Ne4 $11 {[%emt 0:00:31]} Bb7 {[%emt 0:05:47]} 18. Nbc5 {[%emt 0:00:21]} Nxc5 {[%emt 0:28:30]} 19. Bxc5 {[%emt 0:00:09]} Nd5 {[%emt 0:11:03]} 20. c4 {[%emt 0:14:31]} Nf4 {[%emt 0:03:31]} 21. Bb6 {[%emt 0:00:14]} Qd7 {[%emt 0:03:37]} 22. Nc5 {[%emt 0:00:07]} Qe7 {[%emt 0:00:23]} 23. Be4 {[%emt 0:00:29]} gxf5 24. Bxf5 {[%emt 0:00:01]} bxc4 {[%emt 0:09:08]} 25. Rad1 {[%emt 0:00:14]} Nd5 {[%emt 0:00:58]} 26. Nxb7 {[%emt 0:08:17]} Qxb7 {[%emt 0:00:23]} 27. Be4 {[%emt 0:00:06]} Rac8 {[%emt 0:01:54]} 28. Rxd5 {[%emt 0:04:39]} cxd5 {[%emt 0:00:43]} 29. Bxd5 {[%emt 0:00:08]} Qe7 {[%emt 0:00:29]} 30. Bxf7+ {[%emt 0:00:07]} Kh8 {[%emt 0:00:08]} 31. Bxe8 {[%emt 0:00:04]} Rxe8 {[%emt 0:00:09]} 32. Qd5 {[%emt 0:01:31]} Qb4 {[%emt 0:03:30]} 33. Qc6 {[%emt 0:02:34]} Qb5 {[%emt 0:03:15]} 34. Qxb5 {[%emt 0:01:45]} axb5 {[%emt 0:00:06]} 35. a6 {[%emt 0:01:48]} e4 {[%emt 0:03:39]} 36. Rf2 {[%emt 0:02:15]} Rd8 {[%emt 0:01:36]} 37. Bxd8 {[%emt 0:00:03]} e3 {[%emt 0:01:28]} 38. Bb6 1-0

[Event "Israeli Open Championship 2019"]
[Site "Jerusalem"]
[Date "2019.12.16"]
[Round "4.10"]
[White "Tsirilman, Guy"]
[Black "Lahav, Michal"]
[Result "0-1"]
[WhiteElo "1975"]
[BlackElo "2244"]
[Annotator "NA"]
[PlyCount "68"]
[EventDate "2019.12.12"]
[EventType "swiss"]
[EventCountry "ISR"]
[SourceTitle "playchess.com"]
[Source "ChessBase"]
[SourceQuality "1"]
[TimeControl "5400+30"]

1. e4 {[%emt 0:00:00]} e6 {[%emt 0:00:00]} 2. d4 {[%emt 0:00:25]} d5 {[%emt 0:00:00]} 3. Nd2 {[%emt 0:00:39]} Be7 {[%emt 0:00:06]} 4. Ngf3 {[%emt 0:00:29]} Nf6 {[%emt 0:00:17]} 5. e5 {[%emt 0:01:44]} Nfd7 {[%emt 0:00:08]} 6. Bd3 {[%emt 0:01:08]} c5 {[%emt 0:00:35]} 7. c3 {[%emt 0:00:25]} b6 {[%emt 0:04:17]} 8. Qe2 {[%emt 0:06:15]} Nc6 {[%emt 0:01:29]} 9. a3 {[%emt 0:00:48]} Bb7 {[%emt 0:06:04]} 10. O-O {[%emt 0:02:45]} g5 {[%emt 0:01:55]} 11. b4 {[%emt 0:11:20]} c4 {[%emt 0:05:05]} 12. Nxc4 {[%emt 0:13:31]} (12. Bc2 $14) 12... dxc4 {[%emt 0:00:57]} 13. Bxc4 $11 {[%emt 0:00:15]} Qc7 {[%emt 0:13:56]} 14. Bxg5 {[%emt 0:10:52]} Rg8 {[%emt 0:03:44]} 15. Bf4 {[%emt 0:01:35]} O-O-O {[%emt 0:03:36]} 16. Qe3 {[%emt 0:11:32]} Ncxe5 {[%emt 0:11:23]} 17. Be2 {[%emt 0:07:03]} Nxf3+ {[%emt 0:01:00]} 18. Bxf3 {[%emt 0:00:11]} Bd6 {[%emt 0:00:28]} 19. Bxb7+ {[%emt 0:02:14]} Qxb7 {[%emt 0:00:12]} 20. f3 {[%emt 0:00:35]} Bxf4 {[%emt 0:02:09]} 21. Qxf4 {[%emt 0:00:08]} Nf8 {[%emt 0:00:09]} 22. c4 {[%emt 0:02:21]} Ng6 {[%emt 0:00:32]} 23. Qe3 {[%emt 0:01:25]} Nh4 {[%emt 0:00:38]} 24. Rf2 {[%emt 0:01:59]} Nf5 {[%emt 0:00:23]} 25. Qc3 {[%emt 0:03:55]} Nxd4 {[%emt 0:01:03]} 26. c5 {[%emt 0:00:17]} Kb8 {[%emt 0:00:28]} 27. Rc1 {[%emt 0:00:56]} Rd5 {[%emt 0:02:01]} 28. a4 {[%emt 0:01:23]} bxc5 {[%emt 0:07:11]} 29. bxc5 {[%emt 0:00:13]} Qc6 {[%emt 0:00:06]} 30. Rb1+ {[%emt 0:02:13]} Ka8 {[%emt 0:00:14]} 31. Qb4 {[%emt 0:00:13]} e5 {[%emt 0:01:14]} 32. Rfb2 {[%emt 0:00:25]} Rdd8 {[%emt 0:00:59]} 33. Qa5 {[%emt 0:00:24]} Nxf3+ {[%emt 0:02:03]} 34. Kh1 {[%emt 0:02:09]} Nh4 {[%emt 0:01:57]} 0-1

[Event "Israeli Open Championship 2019"]
[Site "Jerusalem"]
[Date "2019.12.16"]
[Round "4.11"]
[White "Tifferet, Shaked"]
[Black "Zak, Arad"]
[Result "1-0"]
[WhiteElo "2232"]
[BlackElo "2076"]
[Annotator "NA"]
[PlyCount "51"]
[EventDate "2019.12.12"]
[EventType "swiss"]
[EventCountry "ISR"]
[SourceTitle "playchess.com"]
[Source "ChessBase"]
[SourceQuality "1"]
[TimeControl "5400+30"]

1. Nf3 {[%emt 0:00:00]} Nf6 {[%emt 0:10:08]} 2. g3 {[%emt 0:00:00]} g6 {[%emt 0:00:13]} 3. Bg2 {[%emt 0:00:00]} Bg7 {[%emt 0:00:07]} 4. d4 {[%emt 0:00:02]} O-O {[%emt 0:00:12]} 5. c4 {[%emt 0:00:19]} d6 {[%emt 0:00:14]} 6. Nc3 {[%emt 0:00:40]} Nc6 {[%emt 0:05:27]} 7. O-O {[%emt 0:00:18]} Re8 {[%emt 0:09:55]} 8. d5 {[%emt 0:16:35]} Na5 {[%emt 0:01:33]} 9. Nd2 {[%emt 0:18:05]} c5 {[%emt 0:02:22]} 10. a3 {[%emt 0:00:12]} b6 {[%emt 0:06:43]} 11. b4 $14 {[%emt 0:00:22]} Nb7 {[%emt 0:10:09]} 12. Bb2 {[%emt 0:00:42]} Rb8 {[%emt 0:09:51]} 13. Qc2 {[%emt 0:07:09]} cxb4 {[%emt 0:02:16]} 14. axb4 {[%emt 0:02:54]} a5 {[%emt 0:00:06]} 15. Nb5 {[%emt 0:03:42]} axb4 {[%emt 0:04:11]} 16. Ra7 {[%emt 0:06:38]} Bd7 {[%emt 0:06:12]} 17. Nd4 {[%emt 0:00:13]} Qc8 {[%emt 0:15:03]} 18. Nc6 {[%emt 0:04:51]} Na5 {[%emt 0:03:47]} 19. Bxf6 {[%emt 0:01:36]} Bxf6 {[%emt 0:01:15]} 20. Nxb8 {[%emt 0:00:12]} Bf5 {[%emt 0:01:06]} 21. e4 {[%emt 0:00:26]} b3 {[%emt 0:03:54]} 22. Nxb3 {[%emt 0:05:29]} Nxb3 {[%emt 0:00:31]} 23. Nc6 {[%emt 0:01:00]} Nd4 {[%emt 0:02:00]} 24. Nxd4 {[%emt 0:00:06]} Bxd4 {[%emt 0:00:03]} 25. exf5 {[%emt 0:00:10]} b5 {[%emt 0:00:03]} 26. Ra2 {[%emt 0:00:26]} 1-0